000 00541cam a2200181 4500500
005 20260405002259.0
041 _afre
042 _adc
100 1 0 _aEltchaninoff, Michel
_eauthor
245 0 0 _aUn étrange revirement
260 _c2016.
500 _a93
690 _aBarbarie
690 _aClaude Lévi-Strauss
690 _aRace
786 0 _nPhilosophie magazine | 103 | 10 | 2016-10-01 | p. 41-41 | 1951-1787
856 4 1 _uhttps://shs.cairn.info/magazine-philosophie-magazine-2016-10-page-41?lang=fr&redirect-ssocas=7080
999 _c2056208
_d2056208